F1 Winners: Abu Dhabi Grand Prix - Statistics

General Stats
  • This quiz has been taken 2,357 times
    333 since last reset
  • The average score is 17 of 17
Answer Stats
Season Circuit Driver % Correct
2011 Yas Marina Lewis Hamilton
100%
2014 Yas Marina Lewis Hamilton
100%
2016 Yas Marina Lewis Hamilton
100%
2018 Yas Marina Lewis Hamilton
100%
2019 Yas Marina Lewis Hamilton
100%
2020 Yas Marina Max Verstappen
100%
2021 Yas Marina Max Verstappen
100%
2022 Yas Marina Max Verstappen
100%
2023 Yas Marina Max Verstappen
100%
2025 Yas Marina Max Verstappen
100%
2024 Yas Marina Lando Norris
99%
2009 Yas Marina Sebastian Vettel
98%
2010 Yas Marina Sebastian Vettel
98%
2013 Yas Marina Sebastian Vettel
98%
2015 Yas Marina Nico Rosberg
96%
2017 Yas Marina Valtteri Bottas
92%
2012 Yas Marina Kimi Räikkönen
85%
No matching quizzes found
Score Distribution
Percent of People with Each Score
Percentile by Number Answered
Your Score History
You have not taken this quiz since the last reset